Catálogo
 En Linea

Álbum homenaje al generalísimo Doctor Rafael Leónidas Trujillo Molina, benefactor de la patria y presidente de la República : (Registro nro. 26223)

Detalles MARC
000 -CABECERA
campo de control de longitud fija 01113nam a2200241 a 4500
001 - NÚMERO DE CONTROL
campo de control 000026731
003 - IDENTIFICADOR DEL NÚMERO DE CONTROL
campo de control OSt
005 - FECHA Y HORA DE LA ÚLTIMA TRANSACCIÓN
campo de control 20250411115407.0
008 - DATOS DE LONGITUD FIJA--INFORMACIÓN GENERAL
campo de control de longitud fija 110324s1943 dr 000 0 spa d
040 ## - FUENTE DE LA CATALOGACIÓN
Centro catalogador/agencia de origen DO-SdBNP
Lengua de catalogación spa
Centro/agencia transcriptor BNPHU
049 ## - FONDOS LOCALES (OCLC)
Fondos de biblioteca
082 #4 - NÚMERO DE LA CLASIFICACIÓN DECIMAL DEWEY
Número de clasificación 923.17293053
Número de documento/Ítem T866h
Número de edición 22
100 1# - ENTRADA PRINCIPAL--NOMBRE DE PERSONA
Nombre de persona Ximpa, Luis Carlos
9 (RLIN) 77438
245 00 - MENCIÓN DE TÍTULO
Título Álbum homenaje al generalísimo Doctor Rafael Leónidas Trujillo Molina, benefactor de la patria y presidente de la República :
Resto del título con motivo de su exaltación a la más alta magistratura del Estado /
Mención de responsabilidad, etc. Luis García Xiampa
246 13 - FORMA VARIANTE DE TÍTULO
Título propio/Titulo breve Álbum homenaje a Trujillo
260 ## - PUBLICACIÓN, DISTRIBUCIÓN, ETC.
Lugar de publicación, distribución, etc. Ciudad Trujillo, República Dominicana :
Nombre del editor, distribuidor, etc. Ediciones Ximpa-Campa,
Fecha de publicación, distribución, etc. 1943.
300 ## - DESCRIPCIÓN FÍSICA
Extensión [265] p. :
Otras características físicas ils., fots., retrs. ;
Dimensiones 47 cm.
500 ## - NOTA GENERAL
Nota general "Ideado por el pintor y dibujante Luis García Ximpa, bajo cuya dirección se ha realizado la presente edición.
600 14 - PUNTO DE ACCESO ADICIONAL DE MATERIA--NOMBRE DE PERSONA
Nombre de persona Trujillo Molina, Raael Leonidas
Fechas asociadas al nombre 1891-1961
Subdivisión general
Subdivisión cronológica
9 (RLIN) 77435
650 #4 - PUNTO DE ACCESO ADICIONAL DE MATERIA--TÉRMINO DE MATERIA
Término de materia o nombre geográfico como elemento de entrada Discuros presidenciales
Subdivisión general Historia
Subdivisión cronológica Era de Trujillo 1930-1961
9 (RLIN) 77437
910 ## - DATOS DE OPCIÓN DEL USUARIO (OCLC)
Datos de opción del usuario VMateo/Validado. Control de calidad MFF
942 ## - ELEMENTOS DE PUNTO DE ACCESO ADICIONAL (KOHA)
Fuente del sistema de clasificación o colocación Dewey Decimal Classification
Tipo de ítem Koha Libro
Existencias
Estado de retiro Estado de pérdida Fuente del sistema de clasificación o colocación Restricciones de uso No para préstamo Código de colección Localización permanente Ubicación/localización actual Ubicación en estantería Fecha de adquisición Número de inventario Total de préstamos Signatura topográfica completa Código de barras Fecha visto por última vez Precio válido a partir de Tipo de ítem Koha Fuente de adquisición Número de copia Nota pública
    Dewey Decimal Classification Excluido de préstamo Excluido de préstamo Patrimonio Dominicano Biblioteca Nacional Pedro Henríquez Ureña Patrimonio Dominicano Depósito 24.03.2011   BNPHU PD RV 923.17293053 T866h 1943 26731-10 25.06.2020 25.06.2020 Libro y Folleto Colección Patrimonio Dominicano      
    Dewey Decimal Classification Excluido de préstamo Préstamo restrigido Patrimonio Dominicano Biblioteca Nacional Pedro Henríquez Ureña Patrimonio Dominicano Depósito 11.06.2013   BNPHU PD RV 923.17293053 T866h 1943 26731-20 25.06.2020 25.06.2020 Libro y Folleto Colección Patrimonio Dominicano Martínez Boog e. 2 Pertenece a la colección Martínez Boog

Con tecnología Koha